Les Villes les plus peuplées de l'Union Européene - Statistiques

Statistiques générales
  • Ce quiz a été pris 115 fois
  • Le résultat moyen est 19 sur 26
Statistiques - réponses
Population Réponse % Correct
2 133 111 Paris
100%
3 677 472 Berlin
97%
3 332 035 Madrid
96%
873 076 Marseille
93%
2 748 109 Rome
92%
1 660 122 Barcelone
90%
1 354 196 Milan
85%
1 211 026 Bruxelles
83%
1 590 877 Munich
81%
1 793 579 Varsovie
81%
921 468 Amsterdam
80%
2 006 134 Vienne
74%
1 671 004 Budapest
73%
841 600 Turin
72%
1 716 961 Bucarest
71%
913 462 Naples
71%
1 384 732 Prague
68%
975 551 Stockholm
68%
806 341 Zagreb
61%
753 056 Francfort
57%
1 853 935 Hambourg
56%
1 323 637 Sofia
55%
674 963 Helsinki
52%
1 073 096 Cologne
49%
791 413 Valence
49%
766 683 Cracovie
47%
Aucun quiz correspondant
Distribution des résultats
% des personnes avec chaque résultat
Percentile par nombre de réponses
Votre historique - résultats
Vous n’avez pas pris ce quiz